LEADER 02073nam a2200361 u 4500 001 000000023159 003 CaOOAMICUS 005 20070226111216.0 008 950519s1929 it a u000 u ita u 035 $a10581296 040 $aPUL(R)$bita$dPUL(R) 110 1 $aSanta Sede.$0(OLS)http://pul/name/987 240 10$aTrattati, ecc.$9(Santa Sede).$gItalia,$811 feb. 1929.$0(OLS)http://pul/title/32242 245 13$aLa soluzione della questione romana nelle Convenzioni lateranensi sottoscritte il giorno 11 Febbraio 1929. 260 $aRoma :$bTipografia poliglotta vaticana,$c1929. 300 $a98 p., c. di tav. :$bpiante, ;$c30 cm 500 $aGli allegati seguono la paginazione del libro riportano le piantine della Città del Vaticano e gli Immobili con privilegio di extraterritorialità e con esenzione da espropri e da tributi. 650 4$aDiritto concordatario.$0(OLS)http://pul/subject/2274 650 4$aConcordati$zItalia$y1929.$0(OLS)http://pul/subject/1272 650 4$aChiesa e stato$zItalia.$0(OLS)http://pul/subject/1175 850 $aPUL 852 $aPUL$W1$xSL Diritto Canonico 1$y5$m147 G 51$j32471$nBK-PRI$b $qStampati$B32471$CPULBib$Z2$F32471 $H $81 852 $aPUL$W1$xSL Diritto Canonico 1$y5$m149 E 8$j32472$nBK-PRI$b $qStampati$B32472$CPULBib$Z2$F32472 $H $81 852 $aPUL$W1$xDP1 Fondo Ciprotti$y59$m1543 F 35$j32473$nBK-PRI$b $qFondi$B32473$CPULBib$Z2$F32473 $H $81 852 $aPUL$W1$xSL Filosofia 1$y2$m112(1) D 1$j32474$nBK-PRI$b $qStampati$B32474$CPULBib$Z2$F32474 $H $81 941 1 $a8 941 1 $a1 960 $aPatti lateranensi (1929)$91272 961 $aINV: 24275 961 $aINV: 6886 961 $aINV: 43087 996 $6245$aLa soluzione della questione romana nelle Convenzioni lateranensi sottoscritte il giorno 11 Febbraio 1929$9(OLS)http://pul/title/32246 996 $6260$aRoma :$bTipografia poliglotta vaticana$9(OLS)http://pul/publisher/48876 LEADER 01256nam a2200301 u 4500 001 000000031386 003 CaOOAMICUS 005 20070226112132.0 008 971002s1993 it u000 u ita u 020 $a8870941580 035 $a10771195 040 $aPUL(R)$bita 100 1 $aDi Nola, Gerardo.$0(OLS)http://pul/name/5673 245 10$aSimone Weil :$buna voce profetica per i nostri tempi /$cpremessa a cura del Card. Carlo Maria Martini. 260 $aBologna :$bEdizioni Studio Domenicano,$cc1993. 300 $a207 p. ;$c21 cm 490 1 $aLumen ;$v10 500 $aContiene indici. 504 $aBibliografia: p. 192-200. 700 1 $aMartini, Carlo Maria,$ccardinale, arcivescovo di Milano,$d1927-2012.$0(OLS)http://pul/name/6653 830 0$aLumen ;$v10.$0(OLS)http://pul/title/21518 850 $aPUL 852 $aPUL$W1$xSL Religione 1$y3$m7(1) C 71$j43350$nBK-PRI$b $qStampati$B43350$CPULBib$Z2$F43350 $H $81 941 1 $a8 961 $aINV: 71342 996 $6020$a8870941580$9(OLS)http://pul/number/39372 996 $6245$aSimone Weil :$buna voce profetica per i nostri tempi$9(OLS)http://pul/title/43161 996 $6260$aBologna :$bEdizioni Studio Domenicano$9(OLS)http://pul/publisher/49136